zpět

Detail výsledku týmu

A-Sport, Hradec Králové

Datum a čas kvízu

31 Celkem bodů Celkový počet nahraných bodů na tomto kvízu bez doplňovacích otázek.
10. Pořadí na kvízu Konečné umístění týmu na tomto kvízu.

Zaznamenané odpovědi

# Otázka Odpověď Body Výsledky
1. Automobilka Škoda v minulém tý... Laurin & Klement Kampus 1
2. Vědci představili revoluční zp... hlavy 1
3. V minulém týdnu česká média in... Jeremy Clarkson 1
4. Minulý týden byl oznámen konec... ICQ 1
5. „Bohužel nemám dobré zprávy. K... Patrik Kincl 1
6. Jak se nazývají dva nejdůležit... Franská říše, Byzantská (Východořímská) říše 1
7. Jak se jmenoval významný střed... Vilém I. Dobyvatel 1
8. Kdo byl zakladatelem a prvním... Bořivoj 1
9. Vytvořte z těchto středověkých... 1C 2A 3D 4B 1
10. Závěrem tématu se podíváme na... tulipán 0